[Event "4th Rethymno Open"]
[Site "Rethymno GRE"]
[Date "2012.07.12"]
[Round "7.7"]
[White "Skembris,S"]
[Black "Volkov,Sergey1"]
[Result "0-1"]
[WhiteElo "2460"]
[BlackElo "2594"]

1.d4 d5 2.c4 c6 3.Nf3 Nf6 4.Nc3 a6 5.a4 e6 6.Bg5 Be7 7.e3 a5 8.Bd3 Na6 9.O-O Nb4
10.Ne5 Nd7 11.Bxe7 Qxe7 12.f4 b6 13.Be2 O-O 14.Na2 dxc4 15.Bxc4 Nxe5 16.fxe5 Bb7
17.Nxb4 Qxb4 18.Qb3 c5 19.Qxb4 cxb4 20.Rac1 Rac8 21.Bb5 Rfd8 22.h4 Kf8 23.g4 h6
24.g5 hxg5 25.hxg5 Ke7 26.Kf2 Rh8 27.Kg3 g6 28.Rg1 b3 29.Bd3 Rh5 30.Rxc8 Bxc8
31.Rc1 Bd7 32.Rc7 Kd8 33.Ra7 Rxg5+ 34.Kf2 Bxa4 35.Rxf7 Bc6 36.e4 Rg4 37.Rf8+ Ke7
38.Rb8 Bxe4 39.Be2 Rh4 40.Rxb6 Bd5  0-1

[Event "24th ch-Southern California 2012"]
[Site "Monterey Park USA"]
[Date "2012.07.15"]
[Round "3"]
[White "Yanayt,E"]
[Black "Kretchetov,A"]
[Result "0-1"]
[WhiteElo "2270"]
[BlackElo "2342"]

1.d4 d5 2.c4 c6 3.Nf3 Nf6 4.Nc3 a6 5.e3 b5 6.b3 Bg4 7.h3 Bxf3 8.Qxf3 e6 9.Bd3 g6
10.O-O Bg7 11.Bb2 O-O 12.Rac1 Nbd7 13.Rc2 Re8 14.Rfc1 dxc4 15.bxc4 b4 16.Ne4 c5
17.dxc5 Nxe4 18.Bxe4 Rc8 19.Bxg7 Kxg7 20.Bb7 Rc7 21.Bxa6 Nxc5 22.Bb5 Ree7
23.Rd1 Qb8 24.Rcd2 Qa7 25.g4 f6 26.Qg2 Qa3 27.g5 f5 28.Qg3 Qc3 29.Qh4 h5
30.gxh6+ Kh7 31.Rd8 Ne4 32.Rf8 Qc2 33.Rdd8 g5 34.Rh8+ Kg6 35.Rhg8+ Kh7 36.Rh8+ Kg6
37.Rhg8+ Kh7 38.Rxg5 Nxg5 39.Qxg5 Qb1+ 40.Kh2 Qb2 41.Kg2 Rf7 42.Be8 Qf6 43.h4 Rxc4
44.Kh3 Qa1 45.Qg2 Rg4 46.Bxf7 Qf6 47.Bg6+ Kxh6 48.Rh8+ Qxh8 49.Qb7 Kxg6  0-1

[Event "27th Gniota Memorial"]
[Site "Police POL"]
[Date "2012.07.15"]
[Round "5.5"]
[White "Schmidt,Wl"]
[Black "Hnydiuk,A"]
[Result "1/2-1/2"]
[WhiteElo "2382"]
[BlackElo "2427"]

1.d4 d5 2.c4 c6 3.Nc3 Nf6 4.Nf3 a6 5.c5 Bf5 6.Bf4 Nbd7 7.h3 g6 8.e3 Bg7 9.Be2 Ne4
10.Rc1 b6 11.cxb6 Qxb6 12.Qb3 Qxb3 13.axb3 O-O 14.O-O Rfc8 15.g4 Be6 16.b4 a5
17.bxa5 Rxa5 18.b4 Ra3 19.Nxe4 dxe4 20.Nd2 Ra2 21.Rfd1 Nb6 22.Bf1 f5 23.gxf5 gxf5
24.b5 cxb5 25.Rxc8+ Bxc8 26.Bxb5 Be6 27.Bg3 Kf7 28.Bf1 Rc2 29.Nb1 Bb3 30.Nd2 Bd5
31.Nb1 Nc4 32.Bxc4 Rxc4 33.Na3 Rc3 34.Nb5 Rb3 35.Nc7 Bc4 36.Rc1 Rb4 37.d5 Bb2
38.Re1 Ra4 39.Rb1 Ra1 40.Rxa1 Bxa1 41.Kg2 Bc3 42.Bf4 Ba5  1/2-1/2

[Event "16th Battle of Senta Open A"]
[Site "Senta SRB"]
[Date "2012.07.15"]
[Round "2.21"]
[White "Pletl,A"]
[Black "Sakic,L"]
[Result "1-0"]
[WhiteElo "2251"]
[BlackElo "1971"]

1.d4 d5 2.c4 c6 3.Nc3 Nf6 4.Nf3 a6 5.c5 Nbd7 6.Bf4 b6 7.cxb6 Qxb6 8.Qc2 e6
9.e3 c5 10.Bd3 cxd4 11.exd4 Bd6 12.Bxd6 Qxd6 13.O-O O-O 14.Rab1 e5 15.dxe5 Nxe5
16.Nxe5 Qxe5 17.Rfe1 Qg5 18.Re3 Be6 19.Ne2 d4 20.Nxd4 Bxa2 21.Ra1 Bd5 22.Rg3 Qe5
23.Nf5 g6 24.Re3 Qf4 25.Ra4 Qb8 26.Qc3 Qd8 27.Ne7+ Kg7 28.Rf4  1-0

[Event "Corporation Centre Cup A"]
[Site "Izhevsk RUS"]
[Date "2012.07.16"]
[Round "2"]
[White "Vostrikov,A"]
[Black "Veltmander,I"]
[Result "1-0"]
[WhiteElo "2206"]
[BlackElo "2070"]

1.d4 d5 2.c4 c6 3.Nf3 Nf6 4.Nc3 a6 5.g3 Bf5 6.Bg2 e6 7.c5 h6 8.Qb3 Qc8 9.O-O Be7
10.Ne5 Nfd7 11.f4 O-O 12.Be3 f6 13.Nxd7 Nxd7 14.Bf2 Rf7 15.e4 dxe4 16.Nxe4 Qc7
17.Rac1 Rd8 18.Qc4 Bf8 19.b4 Ra8 20.h3 h5 21.a4 h4 22.b5 axb5 23.axb5 Bxe4
24.Bxe4 hxg3 25.Bxg3 f5 26.Bg2 Rf6 27.bxc6 bxc6 28.Bh4 Rg6 29.Bg5 Ra3 30.h4 Kf7
31.h5 Rxg5 32.fxg5 Qg3 33.Rce1 Qxg5 34.Qxe6+  1-0

[Event "27th Gniota Memorial"]
[Site "Police POL"]
[Date "2012.07.17"]
[Round "7.6"]
[White "Schmidt,Wl"]
[Black "Tokarczyk,T"]
[Result "1/2-1/2"]
[WhiteElo "2382"]
[BlackElo "2220"]

1.d4 d5 2.c4 c6 3.Nc3 Nf6 4.Nf3 a6 5.Ne5 e6 6.g3 Nbd7 7.Bg2 Be7 8.O-O O-O
9.e4 dxe4 10.Nxe4 Nxe4 11.Bxe4 Nxe5 12.dxe5 Qc7 13.Re1 g6 14.Bh6 Rd8 15.Qf3 Bd7
16.Bf4 Rab8 17.Rad1 Be8 18.h4  1/2-1/2

[Event "16th Battle of Senta Open A"]
[Site "Senta SRB"]
[Date "2012.07.17"]
[Round "5.2"]
[White "Gleizerov,E"]
[Black "Zivkovic,Sava"]
[Result "1-0"]
[WhiteElo "2565"]
[BlackElo "2340"]

1.d4 d5 2.c4 c6 3.Nf3 Nf6 4.Nc3 a6 5.Ne5 Nbd7 6.Bf4 Qa5 7.e3 Nxe5 8.Bxe5 Ne4
9.Bd3 Nxc3 10.Qd2 dxc4 11.Bxc4 Qb4 12.Qxc3 e6 13.O-O f6 14.Bg3 Qxc3 15.bxc3 b5
16.Be2 Kd7 17.a4 Bb7 18.c4 b4 19.a5 c5 20.Rfd1 Be4 21.Rd2 Kc6 22.f3 Bg6 23.Bd1 Bd6
24.Ba4+ Kc7 25.dxc5 Bxg3 26.Rd7+ Kc8 27.hxg3 b3 28.Rd6 Bc2 29.Rc6+  1-0

[Event "Turkish Bank Chess League 2012"]
[Site "Konya TUR"]
[Date "2012.07.18"]
[Round "8"]
[White "Demir,Z"]
[Black "Polatel,A"]
[Result "1/2-1/2"]
[WhiteElo "1926"]
[BlackElo "2129"]

1.d4 d5 2.c4 c6 3.Nc3 Nf6 4.Nf3 a6 5.e3 b5 6.b3 Bg4 7.Be2 e6 8.Bd2 Nbd7 9.c5 Be7
10.b4 O-O 11.O-O Qc7 12.h3 Bh5 13.Nh2 Bxe2 14.Nxe2 Ne4 15.f4 a5 16.a3 axb4
17.Bxb4 f5 18.Nf3 Ra4 19.Nc1 Rfa8 20.Nd3 Bf6 21.Rc1 g6 22.Kh2 h6 23.Rg1 Kh7
24.Nde5 Nxe5 25.dxe5 Bg7 26.Nd4 Re8 27.Rc2 Ra6 28.Qf3 Qf7 29.g4 Bf8 30.gxf5 exf5
31.Rcg2 g5 32.fxg5 hxg5 33.e6 Qg6 34.Nxf5 Rxe6 35.Nh4 Qf6 36.Qh5+ Bh6 37.Nf3 Qg6
38.Rxg5 Qxh5 39.Rxh5 Rg6 40.Rg4 Nf6 41.Rxg6 Kxg6 42.Re5 Kf7 43.Nd4 Bg7 44.Kg2 Ne4
45.Rf5+ Kg6 46.Rf3 Bf6 47.Rf4 Be7 48.Ne6 Ra8 49.h4 Rh8 50.Kh3 Bf6 51.Nd4 Bg5
52.Nxc6 Bxf4 53.exf4 Kf6 54.Na7 Ra8 55.Nxb5 Rc8 56.Nd6 Rc6 57.Nxe4+ dxe4
58.Kg4 Rc7 59.f5 Ke5 60.Bc3+ Kd5 61.f6 Kc4 62.Bb4 e3 63.Kf5 Kd5 64.Kg6 Ke6
65.c6 e2 66.h5 Rf7 67.h6 Rxf6+ 68.Kg7 Rf4 69.h7 Rg4+ 70.Kf8 Rxb4 71.c7 Rf4+
72.Kg8 Rg4+ 73.Kf8 Rf4+ 74.Kg8 Rc4 75.h8=Q e1=Q 76.Qh3+ Kf6 77.Qh6+ Ke7 78.Qg5+ Ke6  1/2-1/2

[Event "23rd Czech Open Rapid"]
[Site "Pardubice CZE"]
[Date "2012.07.18"]
[Round "2.12"]
[White "Cerveny,M"]
[Black "Mozharov,M"]
[Result "0-1"]
[WhiteElo "2346"]
[BlackElo "2500"]

1.d4 d5 2.c4 c6 3.Nf3 Nf6 4.Nc3 a6 5.cxd5 cxd5 6.Bf4 Nc6 7.Rc1 Nh5 8.Bd2 Nf6
9.Bf4 Nh5 10.Bd2 e6 11.g3 Bd6 12.Bg2 O-O 13.O-O Nf6 14.Bg5 h6 15.Bxf6 Qxf6
16.e4 dxe4 17.Nxe4 Qd8 18.Nxd6 Qxd6 19.Qd2 Rd8 20.Rfd1 Rb8 21.a3 b6 22.Rxc6 Qxc6
23.Ne5 Qc7 24.Nc6 Bb7 25.Nxb8 Bxg2 26.Kxg2 Qxb8 27.Qe3 Qc7 28.Qe4 b5 29.Rd3 Qc2
30.b4 Qc4 31.Qe3 e5 32.d5 Rxd5 33.Rc3 Qd4 34.Rc8+ Kh7 35.Qf3 Kg6 36.h4 h5
37.Rc6+ Rd6 38.Rc7 Rf6 39.Rc6 e4 40.Rxf6+ gxf6 41.g4 Qd3 42.Qf4 Qd5 43.gxh5+ Kxh5
44.Qxf6 Kg4 45.Kh2 Qh5 46.Qg7+ Qg6 47.Qd4 Kxh4 48.Qe5 f5 49.Qh8+ Kg5 50.Qd8+ Qf6
51.Qg8+ Qg6 52.Qd8+ Kf4 53.Qd2+ Ke5 54.Qc3+ Kd5 55.Qc5+ Ke6 56.Qc6+ Kf7 57.Qd7+ Kf6
58.Qd6+ Kg7 59.Qe7+ Kh6 60.Qf8+ Kg5 61.Qd8+ Kg4 62.Qd1+ Kh4 63.Qd8+ Kh5 64.Qh8+ Qh6
65.Qe8+ Kg4+ 66.Kg2 Qh3+ 67.Kg1 Kf3 68.Qg8 Qg4+  0-1

[Event "6th Varna Open"]
[Site "Varna BUL"]
[Date "2012.07.18"]
[Round "7.13"]
[White "Ivelinov,H"]
[Black "Dereshki,D"]
[Result "1-0"]
[WhiteElo "2226"]
[BlackElo "1930"]

1.d4 d5 2.c4 c6 3.Nf3 Nf6 4.Nc3 a6 5.Qb3 dxc4 6.Qxc4 b5 7.Qd3 Be6 8.g3 Bc4
9.Qc2 b4 10.Ne4 Nxe4 11.Qxc4 Qa5 12.b3 Qb5 13.Qc2 Qf5 14.Qd3 g6 15.Bg2 Bg7
16.Bf4 Nd6 17.Qd2 Qb5 18.Rc1 O-O 19.Ne5 Rc8 20.O-O f6 21.Nd3 a5 22.Qe3 e5
23.dxe5 Re8 24.Qc5 Qxc5 25.Rxc5 fxe5 26.Be3 e4 27.Nf4 Bc3 28.Rd1 Nf5 29.Rc4 Nxe3
30.fxe3 Ra7 31.Rxe4 Rxe4 32.Bxe4 Rd7 33.Rxd7 Nxd7 34.Bxc6 Ne5 35.Bd5+ Kg7
36.h3  1-0

[Event "11th Condom Open A"]
[Site "Condom FRA"]
[Date "2012.07.19"]
[Round "7.7"]
[White "Sanchez,N"]
[Black "Bujisho,B"]
[Result "0-1"]
[WhiteElo "2168"]
[BlackElo "2391"]

1.d4 Nf6 2.Nf3 d5 3.c4 c6 4.Nc3 a6 5.a4 e6 6.e3 a5 7.Bd3 Na6 8.O-O Nb4 9.Bb1 Be7
10.e4 dxe4 11.Nxe4 b6 12.b3 Bb7 13.Qe2 O-O 14.Bb2 g6 15.Nxf6+ Bxf6 16.Be4 Qe7
17.Rad1 Rad8 18.Rfe1 Rd7 19.Bb1 Rfd8 20.Ne5 Rc7 21.f4 Bg7 22.Nf3 Qf8 23.Ng5 Rcd7
24.Ne4 Qe7 25.d5 cxd5 26.Bxg7 dxe4 27.Rxd7 Rxd7 28.Qb2 Qc5+ 29.Kf1 f5 30.Bh6 Rd4
31.g4 Kf7 32.h4 Qd6 33.h5 Ke8 34.hxg6 hxg6 35.Bg5 Kd7 36.Qh2 Kc6 37.Qh7 Nd3
38.Qh8 Nxe1  0-1

[Event "Helmut-Kohls-Turnier 2012"]
[Site "Dortmund GER"]
[Date "2012.07.19"]
[Round "6"]
[White "Meins,G"]
[Black "Saltaev,M"]
[Result "1/2-1/2"]
[WhiteElo "2475"]
[BlackElo "2480"]

1.d4 d5 2.c4 c6 3.Nf3 Nf6 4.Nc3 a6 5.c5 g6 6.h3 Bg7 7.Bf4 Bf5 8.Nd2 Nfd7
9.e4 dxe4 10.Ndxe4 O-O 11.Be2 Nf6 12.Nxf6+ Bxf6 13.Be3 Qc7 14.O-O Rd8 15.Qa4 Nd7
16.Rfd1 Nf8 17.Bf3 Be6 18.d5 Bxc3 19.dxe6 Be5 20.exf7+ Kxf7 21.Rab1 Kg7 22.Rxd8 Rxd8
23.Qc4 Nd7 24.b4 Nf6 25.a4 Nd5 26.Bd2 Qd7 27.Bg4 Qc7 28.Re1 Bf6 29.Bf3 Qd7
30.Bg4 Qc7 31.Be6 b5 32.cxb6 Nxb6 33.Bf4 Qb7 34.Qb3 Nd5 35.Rd1 Qa8 36.Bg3 Nc3
37.Re1 Rd2 38.Bc4 Qa7 39.Kh2 Qd4 40.Re3 h5 41.h4 Nd5 42.Rd3 Rxd3 43.Qxd3 Qxd3
44.Bxd3 Nxb4 45.Bc4 Bc3 46.f3 a5 47.Bf2 Kf6 48.g4 Nd5 49.g5+ Kf7 50.Kg2 e6
51.Kf1 Bb4 52.Bb3 Ne7 53.Ke2 Nf5 54.Kd3 Ke7 55.Ke4 Kd6 56.Bc4 Bc3 57.f4 Bd2
58.Bb3 Bb4 59.Bc4 Ne7 60.Kf3 Bc3 61.Bb3 Bd2 62.Bg3 Kd7 63.Bc2 Bb4 64.Bf2 Bd6
65.Be1 Bc7 66.Bg3 Bb6 67.Bd3 Nf5 68.Be1 Kd6 69.Ke4 c5 70.Bb5 Ke7 71.Kd3 Nd6
72.Bc6 c4+ 73.Ke2 Nf5 74.Bc3 Bc7 75.Bb5 Bxf4 76.Bxc4 Bc7 77.Be1 Kd6 78.Bf2 Ke5
79.Bb5 Bd6 80.Be8 Ne7 81.Bb6 Bb4 82.Bd8 Nd5 83.Kf3 Kf5 84.Bb5 Nf4 85.Bb6 e5
86.Bc6 Be1 87.Be4+ Ke6 88.Bc7 Nd5 89.Bd8 Nf4 90.Bc7 Bb4 91.Bb6 Bc3 92.Be3 Kf7
93.Bxf4 exf4 94.Kf2 Bb4 95.Kf1 Bc5 96.Ke2 Be3 97.Kf3 Bc1 98.Kg2 Bd2 99.Kf2 Bc3
100.Kf1  1/2-1/2

[Event "ch-SUI Hauptturnier 1 2012"]
[Site "Flims SUI"]
[Date "2012.07.20"]
[Round "9"]
[White "Lipecki,A"]
[Black "Gruenenwald,J"]
[Result "0-1"]
[WhiteElo "2162"]
[BlackElo "2319"]

1.d4 d5 2.Nf3 Nf6 3.c4 c6 4.Nc3 a6 5.Bg5 Ne4 6.h4 Nxc3 7.bxc3 dxc4 8.e4 b5
9.Ne5 Be6 10.a4 f6 11.d5 cxd5 12.Nf3 dxe4  0-1

[Event "23rd Czech Open A"]
[Site "Pardubice CZE"]
[Date "2012.07.20"]
[Round "1.62"]
[White "Miljakin,V"]
[Black "Velicka,P"]
[Result "0-1"]
[WhiteElo "2222"]
[BlackElo "2462"]

1.d4 d5 2.c4 c6 3.Nf3 Nf6 4.Nc3 a6 5.c5 Nbd7 6.Bf4 Nh5 7.Bg5 h6 8.Bd2 Qc7
9.e4 dxe4 10.Nxe4 Ndf6 11.Nc3 Be6 12.Ne5 Rd8 13.Qa4 g6 14.O-O-O Bg7 15.Be2 Nd7
16.Nd3 Bf5 17.Rhe1 Bxd3 18.Bxd3 Nxc5 19.dxc5 Rxd3 20.Qh4 Rd7 21.f4 Nf6 22.g4 O-O
23.g5 hxg5 24.Qxg5 e6 25.Re2 Nh5 26.Rg1 Rfd8 27.Ne4 Rd5 28.Qh4 Rf5 29.Kb1 Nxf4
30.Re3 Rh5 31.Qe1 Nd3 32.Qf1 Rf5 33.Qe2 Nxc5 34.Ng3 Re5 35.Bc3 Rxe3 36.Qxe3 Bxc3
37.Qxc3 Qd6 38.Qc1 Nd3 39.Qh6 Qd4 40.Rg2 Ne1 41.Re2 Qd3+  0-1

[Event "30th Andorra Open"]
[Site "Andorra la Vella AND"]
[Date "2012.07.21"]
[Round "1.12"]
[White "Marin,Mi"]
[Black "Pozanco Romasanta,M"]
[Result "1-0"]
[WhiteElo "2548"]
[BlackElo "2007"]

1.d4 Nf6 2.Nf3 d5 3.c4 c6 4.Nc3 a6 5.g3 e6 6.Bg2 Bd6 7.O-O Nbd7 8.Nd2 O-O
9.e4 dxe4 10.Ndxe4 Nxe4 11.Nxe4 Bc7 12.Bg5 f6 13.Bd2 f5 14.Ng5 Nf6 15.Bc3 h6
16.Nf3 Ne4 17.Qc2 Re8 18.Rad1 Nxc3 19.Qxc3 Qf6 20.Rfe1 Rb8 21.Ne5 Rd8 22.c5 g5
23.b4 Kg7 24.Bf1 h5 25.Rd3 Rh8 26.Rf3 g4 27.Rf4 Qh6 28.d5 Kg8 29.d6 Bd8 30.d7 h4
31.Nxg4 fxg4 32.dxc8=Q Rxc8 33.Rxe6  1-0

[Event "XIV ch-Gdansk Int 2012"]
[Site "Gdansk POL"]
[Date "2012.07.22"]
[Round "1.16"]
[White "Moszczenski,M"]
[Black "Olejarczyk,B"]
[Result "0-1"]
[WhiteElo "1718"]
[BlackElo "2117"]

1.d4 d5 2.c4 c6 3.Nf3 Nf6 4.Nc3 a6 5.e3 Bf5 6.b3 e6 7.c5 b6 8.b4 a5 9.Qa4 Be7
10.Ba3 O-O 11.Be2 b5 12.Qd1 Na6 13.Qb3 Ne4 14.Nxe4 Bxe4 15.Ne5 Qc7 16.f3 Bf5
17.Bd3 Nxb4 18.Bxb4 axb4 19.Qxb4 Ra4 20.Qd2 Bxc5 21.Nxc6 Bxd3 22.Qxd3 Qxc6
23.dxc5 Qxc5 24.Ke2 Rfa8 25.Qd2 Qc7  0-1

[Event "5th Paleochora Open"]
[Site "Paleochora GRE"]
[Date "2012.07.22"]
[Round "8.8"]
[White "Girya,O"]
[Black "Svetushkin,D"]
[Result "1-0"]
[WhiteElo "2414"]
[BlackElo "2592"]

1.d4 d5 2.c4 c6 3.Nf3 Nf6 4.Nc3 a6 5.a4 e6 6.Bg5 a5 7.e3 Be7 8.Be2 O-O 9.O-O Na6
10.Ne5 Nb4 11.Na2 Nxa2 12.Rxa2 Ne4 13.Bxe7 Qxe7 14.Bd3 Nd6 15.Qc2 g6 16.e4 f6
17.Nf3 e5 18.cxd5 cxd5 19.Qb3 Kg7 20.exd5 e4 21.Re1 Re8 22.Nd2 f5 23.Nc4 Nxc4
24.Bxc4 Qf6 25.Raa1 f4 26.Rac1 Re7 27.Qa3 Bf5 28.d6 Rd7 29.Bd5 Re8 30.Rc7 Kh6
31.Rxd7 Bxd7 32.Bxb7 e3 33.Qc3 Qg5 34.b3 Rb8 35.Bf3 exf2+ 36.Kxf2 Qh4+ 37.Kg1 Rxb3
38.Qxa5 Bxa4 39.Qe5 Rb2 40.d5 Rd2 41.Rf1 Bb5 42.Qh8  1-0

[Event "23rd Czech Open A"]
[Site "Pardubice CZE"]
[Date "2012.07.22"]
[Round "3.54"]
[White "Kigel,D"]
[Black "Haba,P"]
[Result "1-0"]
[WhiteElo "2276"]
[BlackElo "2485"]

1.d4 d5 2.c4 c6 3.Nf3 Nf6 4.Nc3 a6 5.c5 g6 6.Bf4 Bg7 7.e3 O-O 8.Be2 Nbd7
9.O-O Nh5 10.b4 f6 11.Bg3 Nxg3 12.hxg3 e5 13.e4 dxe4 14.Nxe4 f5 15.Bc4+ Kh8
16.Neg5 Qe7 17.dxe5 b5 18.cxb6 Nxb6 19.Bb3 Nd5 20.Bxd5 cxd5 21.Qxd5 Bb7 22.Qb3 Rae8
23.Nh3 Bxf3 24.gxf3 Qxe5 25.Rac1 Qb2 26.Qc4 Qe2 27.Nf4 Qxf3 28.Ne6 Rf6 29.Nxg7 Kxg7
30.Qd4 Qb7 31.Rfe1 Rxe1+ 32.Rxe1 Qf7 33.Rc1 g5 34.a4 Kg6 35.b5 axb5 36.axb5 Qb7
37.Qe5 f4 38.Rc5 fxg3 39.Qxg5+ Kf7 40.fxg3 Qa7 41.Qe3 Qd7 42.Re5 h5 43.Qe2 Qg4
44.Qd3 Kg7 45.Re7+ Rf7 46.Rxf7+ Kxf7 47.b6 Qb4 48.Qd5+ Kg6 49.b7 Qb1+  1-0

[Event "45th Biel Masters Open"]
[Site "Biel SUI"]
[Date "2012.07.23"]
[Round "1"]
[White "Postny,E"]
[Black "Duport,N SUI"]
[Result "1-0"]
[WhiteElo "2653"]
[BlackElo "2218"]

1.d4 d5 2.c4 c6 3.Nf3 Nf6 4.Nc3 a6 5.c5 Nbd7 6.Bf4 Nh5 7.Bg5 h6 8.Bd2 Nhf6
9.Bf4 Nh5 10.Be5 Nxe5 11.Nxe5 Nf6 12.e4 Be6 13.Qb3 Rb8 14.exd5 Nxd5 15.Bc4 g6
16.O-O Bg7 17.Rfe1 Bxe5 18.Rxe5 Nc7 19.Bxe6 Nxe6 20.Rxe6 fxe6 21.Qxe6 Qxd4
22.Re1 Qg7 23.Ne4 Rd8 24.Nd6+ Kf8 25.Re3 Qf6 26.Rf3 Qxf3 27.gxf3 exd6 28.Qf6+  1-0

[Event "Dutch Open 2012"]
[Site "Dieren NED"]
[Date "2012.07.24"]
[Round "1.15"]
[White "Evengroen,H"]
[Black "Colijn,S"]
[Result "1-0"]
[WhiteElo "1968"]
[BlackElo "2220"]

1.d4 Nf6 2.c4 c6 3.Nc3 d5 4.Nf3 a6 5.a4 g6 6.Bg5 Bg7 7.e3 O-O 8.Qb3 dxc4
9.Bxc4 Nbd7 10.O-O Nb6 11.Bxf7+ Rxf7 12.Ne5 e6 13.Nxf7 Kxf7 14.e4 h6 15.Bxf6 Bxf6
16.a5 Nd7 17.e5 Be7 18.f4 Nf8 19.f5 Qxd4+ 20.Kh1 gxf5 21.Rxf5+ Kg7 22.Ne2 Qd2
23.Qg3+ Bg5 24.Rf2 Qe3 25.Raf1 Qxg3 26.Nxg3 Nd7 27.Rf7+ Kg6 28.Ne4 Nxe5 29.Rf8 Be7
30.Rg8+ Kh7 31.Re8 Bb4 32.Nf6+ Kg6 33.Rg8+ Kf7 34.Rh8 Kg7 35.Rh7+ Kg6 36.h4 Nd3
37.h5+  1-0

[Event "23rd Czech Open A"]
[Site "Pardubice CZE"]
[Date "2012.07.24"]
[Round "5.25"]
[White "Lalic,B"]
[Black "Velicka,P"]
[Result "1/2-1/2"]
[WhiteElo "2495"]
[BlackElo "2462"]

1.d4 d5 2.c4 c6 3.Nf3 Nf6 4.Nc3 a6 5.a4 e6 6.g3 dxc4 7.Bg2 c5 8.dxc5 Qxd1+
9.Nxd1 Bxc5 10.Ne5 Nbd7  1/2-1/2

[Event "23rd Czech Open A"]
[Site "Pardubice CZE"]
[Date "2012.07.24"]
[Round "5.13"]
[White "Pap,G"]
[Black "Bryzgalin,K"]
[Result "1/2-1/2"]
[WhiteElo "2566"]
[BlackElo "2490"]

1.d4 d5 2.c4 c6 3.Nf3 Nf6 4.Nc3 a6 5.a4 e6 6.g3 dxc4 7.Bg2 c5 8.dxc5 Qxd1+
9.Nxd1 Nc6 10.Ne3 Bxc5 11.Nxc4 Ke7 12.O-O Rd8 13.Bd2 Bd7 14.Nfe5 Nxe5 15.Nxe5 Rab8
16.Rfc1 Ra8 17.Rf1 Rab8 18.Rfc1 Be8 19.Be1 b6 20.a5 Kf8 21.axb6 Bxb6 22.Rxa6 Bd4
23.Bc3 Bxc3 24.bxc3 Rdc8 25.Ra7 Rb5 26.f4 Rbc5 27.c4 Nd5 28.Rb1 Ne3 29.Rbb7 Rxe5
30.fxe5 Nxc4 31.Be4 Nxe5 32.h3 g6 33.g4 Kg7 34.g5 h6 35.h4 hxg5 36.hxg5 Rc4
37.Bf3 Rf4 38.Re7 Bc6 39.Rxe6 Nxf3+ 40.exf3 Bxf3 41.Re5 Bg4 42.Ra2 Be6 43.Rf2 Rxf2
44.Kxf2 Bc4 45.Rc5 Be6 46.Rc6 Bd5 47.Rd6 Bc4 48.Ke3 Bb3 49.Kd4 Ba2 50.Rf6 Bb3
51.Ke5 Ba2  1/2-1/2

[Event "23rd Czech Open A"]
[Site "Pardubice CZE"]
[Date "2012.07.25"]
[Round "6.81"]
[White "Kuenstler,C"]
[Black "Bystrov,SM"]
[Result "1/2-1/2"]
[WhiteElo "2094"]
[BlackElo "2291"]

1.d4 d5 2.c4 c6 3.Nf3 Nf6 4.Nc3 a6 5.Ne5 dxc4 6.a4 Bf5 7.e3 e6 8.Bxc4 Nbd7
9.Nxd7 Qxd7 10.O-O Bd6 11.Qe2 Ne4 12.Nxe4 Bxe4 13.f3 Bg6 14.e4 O-O 15.Be3  1/2-1/2

[Event "30th Andorra Open"]
[Site "Erts-La Massana AND"]
[Date "2012.07.26"]
[Round "6.17"]
[White "Berczes,D"]
[Black "Archangelsky,M"]
[Result "1-0"]
[WhiteElo "2530"]
[BlackElo "2195"]

1.d4 d5 2.c4 c6 3.Nc3 Nf6 4.Nf3 a6 5.e3 b5 6.b3 Bg4 7.Qc2 Bxf3 8.gxf3 e6
9.c5 Be7 10.f4 g6 11.Bd3 Nbd7 12.Bd2 Qc7 13.b4 a5 14.bxa5 Rxa5 15.a4 bxa4
16.Rxa4 Rxa4 17.Qxa4 O-O 18.O-O Rb8 19.Rb1 Rxb1+ 20.Nxb1 Bd8 21.Qa8 Nb8 22.Nc3 Kg7
23.Na2 Nfd7 24.Bc3 f5 25.Nb4 Kf7 26.Bc2 Bf6 27.Nd3 Bd8 28.Ba4 h6 29.Nb4 Qa5
30.Qxa5 Bxa5 31.Nxd5 exd5 32.Bxa5 Ke6 33.f3 Nf6 34.Bc7 Nfd7 35.Bd6 Kf7 36.Kf2 Ke8
37.e4 fxe4 38.fxe4 dxe4 39.d5 cxd5 40.Bxb8 Kd8 41.Bd6 d4 42.Ke2 Nf6 43.Bc6 d3+
44.Kd2 g5 45.f5 h5 46.h3  1-0

[Event "23rd Czech Open A"]
[Site "Pardubice CZE"]
[Date "2012.07.26"]
[Round "7.17"]
[White "Stocek,J"]
[Black "Velicka,P"]
[Result "1/2-1/2"]
[WhiteElo "2573"]
[BlackElo "2462"]

1.d4 d5 2.Nf3 Nf6 3.c4 c6 4.Nc3 a6 5.Bg5 Ne4 6.e3 Nxg5 7.Nxg5 e6 8.Nf3 Be7
9.Qc2 Nd7 10.a4 Nf6 11.Bd3 c5 12.O-O cxd4 13.exd4 dxc4 14.Bxc4 b6 15.Rad1 Bb7
16.Ne5 O-O 17.Rfe1 Nd5 18.Qb3 Qd6 19.Nxd5 Bxd5 20.Bxd5 exd5 21.Rc1 Rfc8 22.Qh3 Qe6
23.Qxe6 fxe6 24.Rc6 Rxc6 25.Nxc6 Kf7 26.Ne5+ Kg8 27.Rc1 b5 28.a5 Bb4 29.Nc6 Bd6
30.g3 Kf8 31.Ne5 Bb4 32.Rc6 Bxa5 33.Nd7+ Kf7 34.Nc5 Bd8 35.Nxe6 Bf6 36.b4 Re8
37.Nf4 Bxd4 38.Rxa6 Re1+ 39.Kg2 Rb1 40.Nxd5 Rb2 41.Kf3 Bxf2 42.Ra5 Be1 43.Rxb5 Rxh2
44.Rb7+ Ke6 45.Nf4+ Kd6 46.Nd3 Bc3 47.b5 g5 48.Nf2 Bd4 49.Ne4+ Kd5 50.Nxg5 Rb2
51.Kg4 Bc5 52.Rd7+ Ke5 53.Nf3+ Kf6 54.Rd5 Rxb5 55.Rf5+ Kg7 56.Ng5 Rb4+ 57.Kh5 Bd6
58.Rf7+ Kg8 59.Rxh7 Bxg3 60.Re7 Kf8 61.Re6 Bh4 62.Re4  1/2-1/2

[Event "TCh-CRC Premier 2012"]
[Site "San Jose CRC"]
[Date "2012.07.28"]
[Round "7.4"]
[White "Bermudez,S"]
[Black "Alfaro,C"]
[Result "0-1"]
[WhiteElo "2132"]
[BlackElo "2168"]

1.d4 d5 2.Nf3 Nf6 3.c4 c6 4.Nc3 a6 5.Bg5 Ne4 6.c5 Nxg5 7.Nxg5 e5 8.Nf3 e4
9.Nd2 g6 10.e3 Bg7 11.Qc2 O-O 12.O-O-O Nd7 13.Be2 f5 14.g3 Nf6 15.Na4 Be6
16.b4 Ng4 17.Rdf1 Qc7 18.Nb6 Rae8 19.a4 g5 20.h3 Nxf2 21.Rxf2 Qxg3 22.Bxa6 Qxf2
23.Bxb7 Qxe3 24.Bxc6 Rd8 25.Qb3 Qxd4 26.Rd1 Bf7 27.Nd7 Rfe8 28.Nf3 Qf2 29.Nxg5 Qf4+  0-1

[Event "Politiken Cup 2012"]
[Site "Helsingor DEN"]
[Date "2012.07.29"]
[Round "3.109"]
[White "Pedersen,Carl Aage"]
[Black "Nielsen,JeH"]
[Result "1/2-1/2"]
[WhiteElo "1739"]
[BlackElo "1914"]

1.d4 d5 2.c4 c6 3.Nc3 Nf6 4.Nf3 a6 5.cxd5 cxd5 6.a3 g6 7.g3 Bg7 8.Bg2 O-O
9.O-O Nc6 10.b4 Ne4 11.Bb2 Nxc3 12.Bxc3 Bg4 13.Qd2 Rc8 14.e3 Qd7 15.Rac1 Bh3
16.Rfe1 Bxg2 17.Kxg2 f5 18.h4 Na7 19.Bb2 b5 20.Rc5 h6 21.Rec1 Rxc5 22.dxc5 e6
23.Bxg7 Qxg7 24.Qd4 Qxd4 25.exd4 Nc6 26.Rd1 Kf7 27.Ne5+ Nxe5 28.dxe5 Rc8
29.f4 Ke7 30.Kf3 Kd7 31.Rg1 h5 32.Ra1 a5 33.Rb1 axb4 34.axb4 Ra8 35.Rb3 Kc6
36.Rd3 Ra4 37.Rd4 Ra2 38.Ke3 Rg2 39.Kf3 Rg1 40.Kf2 Rc1 41.Ke3 Rb1 42.Kf3 Kc7
43.Ke3 Rb2 44.Kf3 Kb7 45.Ke3 Rb3+ 46.Kf2 Rc3 47.Kg2 Kc7 48.Kf2 Kc6 49.Kg2 Rc4
50.Rxc4 bxc4 51.Kf2 d4 52.Ke2 c3 53.Kd3 Kb5 54.Kc2  1/2-1/2

[Event "Politiken Cup 2012"]
[Site "Helsingor DEN"]
[Date "2012.08.04"]
[Round "9.114"]
[White "Maagaard,David Bille"]
[Black "Kyrkjebo, Marte B"]
[Result "0-1"]
[WhiteElo "1843"]
[BlackElo "1632"]

1.d4 d5 2.c4 c6 3.Nc3 Nf6 4.Nf3 a6 5.Bg5 Ne4 6.cxd5 Nxg5 7.Nxg5 cxd5 8.Qb3 e6
9.Nf3 Bd6 10.e3 O-O 11.Bd3 Nd7 12.O-O Nf6 13.Rac1 Qe7 14.Bb1 Bd7 15.e4 dxe4
16.Nxe4 Bb5 17.Rfe1 Nxe4 18.Rxe4 Rac8 19.Qe3 Rfe8 20.Rh4 g6 21.a3 Rxc1+ 22.Qxc1 Qc7
23.Qh6 Qc4 24.Qxh7+ Kf8 25.Qxf7+ Kxf7 26.Ng5+ Kf6 27.Ne4+ Kg7 28.Rh7+ Kxh7
29.Ng5+ Kg7  0-1

[Event "Politiken Cup 2012"]
[Site "Helsingor DEN"]
[Date "2012.08.04"]
[Round "9.52"]
[White "Vesterli,M"]
[Black "Grand,H"]
[Result "0-1"]
[WhiteElo "2029"]
[BlackElo "2144"]

1.d4 d5 2.c4 c6 3.Nf3 Nf6 4.Nc3 a6 5.e3 b5 6.b3 Bg4 7.Be2 e6 8.O-O Nbd7 9.Bb2 Bd6
10.h3 Bh5 11.Qc2 O-O 12.e4 b4 13.e5 bxc3 14.Bxc3 Be7 15.exf6 Bxf6 16.Rac1 Qb6
17.Qd2 h6 18.Ba5 Qb7 19.cxd5 exd5 20.Rc2 Rfc8 21.Rfc1 Bxf3 22.gxf3 Nf8 23.f4 Ne6
24.Bg4 Nxd4 25.Bxc8 Rxc8 26.Rc3 Nf5 27.R3c2 d4 28.Qd3 Ne7 29.Rc5 Qd7 30.Kg2 Ng6
31.Bd2 Nh4+ 32.Kh2 Be7 33.R5c4 Qd5 34.f3 Nxf3+ 35.Kg3 Bh4+  0-1

[Event "Politiken Cup 2012"]
[Site "Helsingor DEN"]
[Date "2012.08.05"]
[Round "10.45"]
[White "Gebhardt,Ul"]
[Black "Jorgensen,C"]
[Result "1-0"]
[WhiteElo "2222"]
[BlackElo "2039"]

1.d4 d5 2.c4 c6 3.Nf3 Nf6 4.Nc3 a6 5.e3 e6 6.Bd3 dxc4 7.Bxc4 Be7 8.O-O O-O
9.e4 b5 10.Bd3 b4 11.Na4 h6 12.Qe2 Nbd7 13.e5 Nd5 14.Bd2 Re8 15.Rac1 Qc7
16.Rfe1 Bb7 17.Qe4 Nf8 18.Nc5 Red8 19.Qg4 Kh8 20.Ne4 a5 21.Qh5 Ng6 22.Nd6 Bxd6
23.exd6 Qxd6 24.Bxg6 fxg6 25.Qxg6 Bc8 26.Ne5 Ne7 27.Nf7+ Kg8 28.Nxh6+ Kh8
29.Nf7+ Kg8 30.Qh5 g6 31.Qf3 Qxd4 32.Nxd8 Qxd8 33.Bg5 Qd7 34.Qf6 Nf5 35.Rcd1 Qg7
36.Rd8+ Kh7 37.Rxe6 Bxe6 38.Rxa8 Bxa2 39.Qxg7+ Kxg7 40.Rxa5 Bd5 41.Ra7+ Kf8
42.Bf6 b3 43.g4  1-0

[Event "Miguel Najdorf Open A"]
[Site "Warsaw POL"]
[Date "2012.08.06"]
[Round "1.29"]
[White "Sujkowski,P"]
[Black "Szumilas,Pi"]
[Result "1/2-1/2"]
[WhiteElo "1970"]
[BlackElo "2192"]

1.d4 d5 2.c4 c6 3.Nf3 Nf6 4.Nc3 a6 5.c5 Bf5 6.Bf4 Nbd7 7.e3 h6 8.Bd3 Bxd3
9.Qxd3 Nh5 10.O-O e6 11.b4 Be7 12.a4 O-O 13.b5 Nxf4 14.exf4 Qc7 15.Ne5 Nxe5
16.fxe5 axb5 17.axb5 b6 18.cxb6 Qxb6 19.bxc6 Qxc6 20.Ne2 Rfb8 21.f4 g6 22.g4 Rb2
23.Rxa8+ Qxa8 24.Rb1 Rxb1+ 25.Qxb1 Qa3 26.Kg2 Qe3 27.Qf1 Bh4 28.Qf3 Qd2 29.Kh3 Be1
30.Kg2 Qc2 31.Kf1 Qd1 32.Kg2 Ba5 33.Qe3 Kg7 34.h3 Bb6 35.Qf2 Qd2 36.Kf3 Qd3+
37.Qe3 Qd1 38.Kg2 Qe1 39.Qf2 Qd1 40.Qe3 Qc2 41.Kf1 Ba5 42.Kf2 Bb4 43.Qf3 Qd1  1/2-1/2